00585nam a2200169Ia 4500003000900000008004100009040001300050040001300063041000800076100001700084245001200101250001100113260001400124300001200138490000600150600025900156IT-RoPAU120407s9999 xx 000 0 und d aIT-RoPAU cIT-RoPAU afra aAndré Gide aCorydon aParis  aGallimard c18,5 cm v1 a"3. Corydon 8. Les nourritures terrestres4. Interviews imaginaires 9. Le retourde l’enfant prodigue 5. Journal 1889 - 1939 10. Souvenirs de la cour d’Assises. 6. “ “ 1939 - 1942 7. “ “ 1942 - 1949"